| 000 | 01010nac a22002051u 4500 | ||
|---|---|---|---|
| 010 | _a 93018355 | ||
| 020 | _a1878739271 : | ||
| 082 | 0 | 0 |
_a006.6869 _bW4531 |
| 090 |
_c4487 _d4487 |
||
| 100 | _aWells, Drew. | ||
| 245 | 1 | 0 |
_aRay tracing creations : _bgenerate photorealistic images on the PC / _cDrew Wells and Chris Young. |
| 260 |
_aCorte Madera, CA : _bWaite Group Press,1993 _c1993. |
||
| 300 |
_axxii, 573 p. : _bill. (some col.) ; _c23 cm. |
||
| 500 | _aSystem requirements for computer disk: IBM-compatible PC with 386SX or better microprocessor; 2MB RAM; MS-DOS; VGA or SGVA graphics capability highly recommended (required for viewing animations); hard drive with 5MB free space. Will run under Windows and OS/2. | ||
| 500 | _aIncludes index. | ||
| 650 | 0 | _aComputer graphics. | |
| 700 | 1 |
_aYoung, Chris, _d1955- |
|
| 942 |
_cBB _k006.6869W4531 |
||
| 999 |
_c4487 _d4487 |
||